| 000 | 00000nam##2200000za#4500 |
| 001 | 9.571414 |
| 003 | CaOODSP |
| 005 | 20240527135426 |
| 007 | cr ||||||||||| |
| 008 | 150406|2001||||xxc|||||o f|0| 0 eng|d |
| 040 | |aCaOODSP|beng |
| 043 | |an-cn--- |
| 086 | 1 |aCW69-16/3-2001E-PDF |
| 110 | 2 |aCanadian Wildlife Service. |
| 245 | 10|aMigratory Game Bird Hunting Regulations in Canada, July 2001 / |h[electronic resource]|cedited by Kathryn M. Dickson. |
| 260 | |aGatineau - Quebec : |bEnvironment Canada. |cJuly 2001. |
| 300 | |a19p.|breferences, table |
| 490 | 1 |aCWS migratory birds regulatory report|vNo. 3 |
| 500 | |aThe catalogue number (CW69-16/3-2001E, ISBN (0-662-30831-X) and ISSN (1497-0139) for the print edition have been incorrectly copied in this electronic publication. |
| 590 | |a12-04-Supp|b2012-02-20 |
| 775 | 08|tRèglements de chasse aux oiseaux migrateurs considérés comme gibier au Canada, juillet 2001 / |w(CaOODSP)9.602025 |
| 776 | 0#|tMigratory game bird hunting regulations in Canada / |w(CaOODSP)9.615710 |
| 830 | #0|aCWS migratory birds regulatory report ;|vNo. 3|w(CaOODSP)9.505137 |
| 856 | 40|ahttp://publications.gc.ca|qPDF|s1.27 MB|uhttps://publications.gc.ca/collections/Collection/CW69-16-3-2001E.pdf|yNo. 3 |